[Event "40th Olympiad Women"]
[Site "Istanbul TUR"]
[Date "2012.09.03"]
[Round "6.27"]
[Board "4"]
[White "Dedijer, Mira"]
[Black "Vazquez Flores, Janet Sarai"]
[Result "1-0"]
[WhiteElo "1981"]
[BlackElo "1937"]
[WhiteTeam "Bosnia & Herzegovina"]
[BlackTeam "Mexico"]
[WhiteFideId "14401622"]
[BlackFideId "5117810"]
[EventDate "2012.08.28"]

1. e4 c5 2. c4 Nc6 3. g3 g6 4. Bg2 Bg7 5. Ne2 d6 6. O-O e6 7. Nbc3 Nge7 8. Rb1
a6 9. a3 Rb8 10. b4 O-O 11. d3 Nd4 12. Nxd4 cxd4 13. Ne2 f5 14. Qb3 Kh8 15. exf5
gxf5 16. a4 e5 17. b5 axb5 18. axb5 Ng6 19. f4 h5 20. h4 Bf6 21. Qd1 Qe8 22. Ba3
Be7 23. Qd2 Kg7 24. Rbe1 Qd7 25. fxe5 dxe5 26. Bxe7 Qxe7 27. Nf4 Nxf4 28. gxf4
Qxh4 29. Rxe5 Qg4 30. Qe2 h4 31. Qf3 Rh8 32. Kh2 Kf6 33. Bh3 Qxf3 34. Rxf3 Be6
35. Rf2 Ra8 36. Rfe2 Bc8 37. Rd5 Rg8 38. Rxd4 Ra1 39. Rd6+ Kf7 40. Bg2 Rg4 41.
Bd5+ Kg7 42. Re7+ Kf8 43. Rc7 1-0

[Event "40th Olympiad Women"]
[Site "Istanbul TUR"]
[Date "2012.09.03"]
[Round "6.28"]
[Board "2"]
[White "Johansson, Viktoria"]
[Black "Stojkovska, Monika"]
[Result "0-1"]
[WhiteTitle "WIM"]
[WhiteElo "2179"]
[BlackElo "1939"]
[WhiteTeam "Sweden"]
[BlackTeam "FYROM"]
[WhiteFideId "1701940"]
[BlackFideId "15002594"]
[EventDate "2012.08.28"]

1. d4 Nf6 2. c4 e6 3. Nc3 Bb4 4. e3 O-O 5. Bd3 d5 6. Nf3 b6 7. O-O Bb7 8. a3 Bd6
9. b3 Re8 10. Bb2 c5 11. Rc1 Nc6 12. Bb1 cxd4 13. Nxd4 dxc4 14. Ncb5 Be7 15.
Rxc4 Na5 16. Rc1 Rc8 17. Rxc8 Qxc8 18. Qe2 Qb8 19. b4 Nc6 20. Nxc6 Bxc6 21. Nd4
Bb7 22. h3 Rc8 23. Rd1 Qa8 24. f3 Bd5 25. Qf2 Qb7 26. e4 Bc4 27. e5 Nd5 28. f4
g6 29. f5 exf5 30. Nxf5 Bg5 31. Nd6 Qc7 32. Rxd5 Bxd5 33. Nxc8 Qxc8 34. h4 Be7
35. h5 Qg4 36. Qd2 Be6 37. hxg6 hxg6 38. Bd3 Qg5 39. Qe2 Qg4 40. Qxg4 Bxg4 41.
Bc4 Bh4 42. Kh2 Bf2 43. Bd5 Kf8 44. g3 Ke7 45. Kg2 Be3 46. Bc3 Bd1 47. Bb2 Bg4
48. Bc3 Be6 49. Bb7 Bb3 50. Bb2 Ke6 51. Kf3 Bd2 52. Ke2 Bh6 53. Kd3 Kf5 54. Bc8+
Be6 55. Bxe6+ fxe6 56. Bd4 Bg7 57. a4 Bxe5 58. Bf2 Bc7 59. b5 Kg4 60. a5 Bxg3
61. Bg1 Bc7 62. Ke4 g5 63. axb6 axb6 64. Be3 Kh4 65. Kf3 g4+ 66. Kg2 Kh5 67. Bd4
Kg6 68. Be3 Kf5 69. Bd2 Ke4 70. Be1 Kd3 71. Bf2 Kc4 0-1

[Event "40th Olympiad Women"]
[Site "Istanbul TUR"]
[Date "2012.09.03"]
[Round "6.28"]
[Board "3"]
[White "Nikolovska, Dragana"]
[Black "Andersson, Christin"]
[Result "0-1"]
[BlackTitle "WIM"]
[WhiteElo "1828"]
[BlackElo "2074"]
[WhiteTeam "FYROM"]
[BlackTeam "Sweden"]
[WhiteFideId "15000133"]
[BlackFideId "1702947"]
[EventDate "2012.08.28"]

1. e4 e5 2. Nc3 Nf6 3. Bc4 Be7 4. d3 c6 5. f4 d6 6. Nf3 exf4 7. Bxf4 O-O 8. Bb3
Be6 9. Bxe6 fxe6 10. Qd2 Nh5 11. Bg5 Nd7 12. O-O-O Bxg5 13. Nxg5 Qf6 14. g4 Nf4
15. h4 Ne5 16. Rdf1 Nxg4 17. Kb1 e5 18. Ne2 d5 19. exd5 cxd5 20. Nh3 Qh6 21.
Nhxf4 exf4 22. Nxf4 d4 23. Qb4 Rxf4 24. Qb3+ Kh8 25. Qxb7 Raf8 26. Re1 a6 27. a3
Qf6 28. Re7 Rf1+ 29. Rxf1 Qxf1+ 30. Ka2 Qf6 31. Rc7 Ne5 32. Rc8 Qe6+ 0-1

[Event "40th Olympiad Women"]
[Site "Istanbul TUR"]
[Date "2012.09.03"]
[Round "6.28"]
[Board "4"]
[White "Horn, Emilia"]
[Black "Lakinska, Simona"]
[Result "1-0"]
[WhiteTitle "WFM"]
[WhiteElo "2037"]
[BlackElo "1655"]
[WhiteTeam "Sweden"]
[BlackTeam "FYROM"]
[WhiteFideId "1705385"]
[BlackFideId "15001695"]
[EventDate "2012.08.28"]

1. e4 e5 2. Nf3 Nc6 3. d4 exd4 4. Bc4 Bc5 5. c3 d3 6. b4 Bb6 7. Qb3 Qf6 8. Bg5
Qg6 9. Nbd2 h6 10. Bh4 Nf6 11. O-O-O O-O 12. Bxd3 Ng4 13. Rhf1 Nge5 14. Bc2 d6
15. Nxe5 dxe5 16. a4 Be6 17. Qa3 a6 18. Bb3 Rfe8 19. Rfe1 Qg4 20. Bg3 f6 21.
Bxe6+ Qxe6 22. Qb3 Qxb3 23. Nxb3 Rad8 24. Nd2 Kf7 25. Nc4 Ba7 26. b5 axb5 27.
axb5 Ne7 28. Na5 b6 29. Nc4 Ke6 30. Ne3 g6 31. f4 exf4 32. Bxf4 h5 33. c4 c6 34.
bxc6 Nxc6 35. Nd5 Kf7 36. Bc7 Rc8 37. Bxb6 Bxb6 38. Nxb6 Rb8 39. c5 Re6 40. Rd7+
Re7 41. Red1 Ke8 42. Rxe7+ Kxe7 43. Rd7+ Ke8 44. Rd6 Ne5 45. Nd5 Nd3+ 46. Kd2
Nxc5 47. Nxf6+ Ke7 48. Rc6 Rb2+ 49. Ke3 Rxg2 50. Nd5+ Kf7 51. Rc7+ Kf8 52. Nf4
Rxh2 53. Nxg6+ Ke8 54. Rxc5 h4 55. Rh5 h3 56. Nf4 Ke7 57. Nxh3 Rh1 58. Kf4 Ra1
59. Rh6 Ra4 60. Kf5 Ra5+ 61. e5 Ke8 62. Kf6 Ra6+ 63. e6 Kd8 64. Rh8+ Kc7 65. Kf7
Ra7 66. e7 Kd6 67. Rd8+ Kc5 68. Kf8 1-0

[Event "40th Olympiad Women"]
[Site "Istanbul TUR"]
[Date "2012.09.03"]
[Round "6.29"]
[Board "1"]
[White "Sotomayor Villatoro, Silvi"]
[Black "Pina Vega, Sulennis"]
[Result "1/2-1/2"]
[WhiteTitle "WIM"]
[BlackTitle "WGM"]
[WhiteElo "1885"]
[BlackElo "2345"]
[WhiteTeam "Guatemala"]
[BlackTeam "Cuba"]
[WhiteFideId "7301057"]
[BlackFideId "3503151"]
[EventDate "2012.08.28"]

1. d4 d5 2. e3 Nf6 3. Bd3 c5 4. c3 Nc6 5. f4 e6 6. Nf3 Be7 7. Nbd2 O-O 8. O-O b6
9. Ne5 Bb7 10. Qf3 cxd4 11. exd4 Nd7 12. Qh3 f5 13. g4 Ndxe5 14. fxe5 g6 15. Nf3
Bc8 16. Bh6 Rf7 17. Qg3 a5 18. gxf5 exf5 19. Ng5 Bxg5 20. Bxg5 Qc7 21. Bf6 Ne7
22. Qg5 Be6 23. h4 h6 24. Qxh6 Rxf6 25. exf6 Qg3+ 26. Kh1 Qh3+ 27. Kg1 Qg3+ 28.
Kh1 Qh3+ 29. Kg1 Qg3+ 30. Kh1 Qh3+ 31. Kg1 Qg3+ 1/2-1/2

[Event "40th Olympiad Women"]
[Site "Istanbul TUR"]
[Date "2012.09.03"]
[Round "6.29"]
[Board "2"]
[White "Linares Napoles, Oleiny"]
[Black "Mencos, Claudia"]
[Result "1-0"]
[WhiteTitle "WGM"]
[BlackTitle "WIM"]
[WhiteElo "2355"]
[BlackElo "2035"]
[WhiteTeam "Cuba"]
[BlackTeam "Guatemala"]
[WhiteFideId "3504794"]
[BlackFideId "7300573"]
[EventDate "2012.08.28"]

1. e4 c5 2. Nf3 e6 3. c3 d5 4. exd5 Qxd5 5. d4 Nc6 6. Be3 cxd4 7. cxd4 Nf6 8.
Nc3 Qd6 9. a3 g6 10. Bc4 a6 11. O-O Bg7 12. d5 exd5 13. Nxd5 Nxd5 14. Bxd5 Nd8
15. Rc1 O-O 16. Bc5 Qf6 17. Bxf8 Bxf8 18. Re1 Be6 19. Ne5 a5 20. Rc3 Qf5 21. Rf3
Qg5 22. Bxe6 fxe6 23. Nd7 Bg7 24. Qd6 h6 25. Rf8+ Kh7 26. g3 Ra6 27. Qc7 1-0

[Event "40th Olympiad Women"]
[Site "Istanbul TUR"]
[Date "2012.09.03"]
[Round "6.29"]
[Board "3"]
[White "Mencos Castillo, Maria"]
[Black "Arribas Robaina, Maritza"]
[Result "0-1"]
[BlackTitle "WGM"]
[WhiteElo "1721"]
[BlackElo "2296"]
[WhiteTeam "Guatemala"]
[BlackTeam "Cuba"]
[WhiteFideId "7300867"]
[BlackFideId "3501418"]
[EventDate "2012.08.28"]

1. e4 e5 2. Bc4 Nf6 3. d3 Bc5 4. Nf3 d6 5. c3 O-O 6. Nbd2 c6 7. Bb3 Bg4 8. h3
Be6 9. Bc2 Nbd7 10. d4 Bb6 11. O-O Qc7 12. Re1 Rfe8 13. Nf1 h6 14. Ne3 Nf8 15.
g4 Ng6 16. Nf5 d5 17. dxe5 Nxe4 18. N3d4 Qxe5 19. Bxe4 dxe4 20. Nxe6 Rxe6 21.
Nd4 Rd8 22. Qc2 Bxd4 23. cxd4 Rxd4 24. Be3 Rd3 25. Rad1 Nh4 26. Kf1 Nf3 27. Rxd3
exd3 28. Qxd3 Nxe1 29. Kxe1 Qxb2 30. Qd8+ Kh7 31. Qd3+ g6 32. Qc4 Qb1+ 33. Kd2
b5 0-1

[Event "40th Olympiad Women"]
[Site "Istanbul TUR"]
[Date "2012.09.03"]
[Round "6.29"]
[Board "4"]
[White "Llaudy Pupo, Lisandra"]
[Black "Ortiz, Wendy"]
[Result "1-0"]
[WhiteTitle "WIM"]
[WhiteElo "2264"]
[BlackElo "1709"]
[WhiteTeam "Cuba"]
[BlackTeam "Guatemala"]
[WhiteFideId "3506487"]
[BlackFideId "7300476"]
[EventDate "2012.08.28"]

1. e4 c6 2. Nf3 d5 3. Nc3 dxe4 4. Nxe4 Bf5 5. Ng3 Bg6 6. h4 h6 7. Ne5 Qd6 8. d4
Nd7 9. Nxg6 Qxg6 10. Bf4 f6 11. Bc4 O-O-O 12. h5 Qe8 13. Be6 g5 14. Bd2 Kb8 15.
Nf5 Nb6 16. Ba5 c5 17. Bxb6 axb6 18. Qf3 Qb5 19. Qg3+ Ka7 20. O-O-O c4 21. Qc7
Rd5 22. Rh3 Qc6 23. Ra3+ Ra5 24. Rxa5+ bxa5 25. Qxa5+ Qa6 26. Qc5+ Qb6 27. Qxc4
Qa5 28. g4 b5 29. Qd5 1-0

[Event "40th Olympiad Women"]
[Site "Istanbul TUR"]
[Date "2012.09.03"]
[Round "6.30"]
[Board "4"]
[White "Basnayake, I U"]
[Black "Hansen, Erle Andrea Marki"]
[Result "1/2-1/2"]
[WhiteElo "1788"]
[BlackElo "1861"]
[WhiteTeam "Sri Lanka"]
[BlackTeam "Norway"]
[WhiteFideId "9901698"]
[BlackFideId "1508229"]
[EventDate "2012.08.28"]

1. e4 c5 2. Nf3 e6 3. d4 cxd4 4. Nxd4 Nf6 5. Nc3 Bb4 6. e5 Nd5 7. Bd2 Bxc3 8.
bxc3 Qc7 9. f4 a6 10. Qf3 g6 11. c4 Ne7 12. Bd3 Nbc6 13. Nb3 b6 14. a4 Bb7 15.
Qh3 a5 16. O-O Nf5 17. Qg4 Nce7 18. Rfd1 h5 19. Qe2 h4 20. Be4 Nc6 21. Be1 h3
22. g3 Ba6 23. Rab1 Rc8 24. Bd3 Bb7 25. Be4 Ba6 26. Bd3 Bb7 27. Be4 Ba6 28. Bd3
Bb7 29. Be4 Ba6 30. Bd3 Bb7 1/2-1/2

[Event "40th Olympiad Women"]
[Site "Istanbul TUR"]
[Date "2012.09.03"]
[Round "6.31"]
[Board "1"]
[White "Baklanova, Tatiana"]
[Black "Salazar, Aura Cristina"]
[Result "1-0"]
[WhiteTitle "WIM"]
[BlackTitle "WFM"]
[WhiteElo "2220"]
[BlackElo "2228"]
[WhiteTeam "ICSC"]
[BlackTeam "Colombia"]
[WhiteFideId "14100754"]
[BlackFideId "4403312"]
[EventDate "2012.08.28"]

1. d4 Nf6 2. c4 g6 3. Nc3 Bg7 4. e4 d6 5. f3 a6 6. Bg5 c6 7. Qd2 b5 8. Bh6 Bxh6
9. Qxh6 Qa5 10. g4 bxc4 11. O-O-O c5 12. e5 cxd4 13. exf6 dxc3 14. Bxc4 cxb2+
15. Kb1 Bf5+ 16. gxf5 Qxf5+ 17. Bd3 Qxf6 18. Be4 Ra7 19. Ne2 Rc7 20. Nf4 Rc5 21.
Nd5 Qe5 22. Rhe1 Rc1+ 23. Rxc1 bxc1=Q+ 24. Rxc1 f5 25. Nc7+ Kd7 26. Bd5 Qd4 27.
Be6+ Kd8 28. Rc2 Nd7 29. Bb3 Qd1+ 30. Qc1 Qd3 31. Ne6+ Ke8 32. Nf4 1-0

[Event "40th Olympiad Women"]
[Site "Istanbul TUR"]
[Date "2012.09.03"]
[Round "6.31"]
[Board "2"]
[White "Franco Valencia, Angela"]
[Black "Mucha, Annegret"]
[Result "1/2-1/2"]
[WhiteTitle "WFM"]
[BlackTitle "WCM"]
[WhiteElo "2170"]
[BlackElo "2023"]
[WhiteTeam "Colombia"]
[BlackTeam "ICSC"]
[WhiteFideId "4403070"]
[BlackFideId "24622788"]
[EventDate "2012.08.28"]

1. e4 c5 2. Nf3 d6 3. d4 cxd4 4. Nxd4 Nf6 5. Nc3 a6 6. Be2 e6 7. O-O Be7 8. f4
Qc7 9. Be3 O-O 10. Kh1 Nbd7 11. a4 b6 12. Bf3 Bb7 13. Qe1 Nc5 14. Bg1 Rad8 15.
Rd1 Kh8 16. Qe3 d5 17. e5 Nfe4 18. b4 Nd7 19. Nxe4 dxe4 20. Bxe4 Bxb4 21. Bxb7
Qxb7 22. f5 Bc5 23. f6 gxf6 24. exf6 Rg8 25. Qh3 Qe4 26. c3 Nf8 27. Rde1 Qg4 28.
Qxg4 Rxg4 29. Re2 Ng6 30. Nc6 Rc8 31. Bxc5 bxc5 32. Ne7 Re8 33. Nc6 Rxa4 34. Rb2
Rf4 35. Rxf4 Nxf4 36. Ne5 Kg8 37. Rb7 Rf8 38. Ng4 h5 39. Nh6+ Kh7 40. Nxf7 Kg6
41. Ne5+ Kf5 42. Nd7 Rf7 43. c4 e5 44. g3 Ne6 45. h3 Nf8 46. Nxc5 Rxb7 47. Nxb7
Kxf6 48. Kg2 Ne6 49. Kf2 e4 50. Ke3 Ke5 51. Na5 Nd4 52. g4 h4 53. c5 Nc2+ 54.
Kd2 Nb4 55. c6 Nd5 56. Nc4+ Kd4 57. g5 Kc5 58. Ne5 Kd6 59. g6 Nf6 60. g7 a5 61.
Nc4+ Kxc6 62. Nxa5+ Kd5 63. Ke3 Ke6 1/2-1/2

[Event "40th Olympiad Women"]
[Site "Istanbul TUR"]
[Date "2012.09.03"]
[Round "6.31"]
[Board "4"]
[White "Castrillon Gomez, Melissa"]
[Black "Gerasimova, Olga"]
[Result "1-0"]
[WhiteTitle "WFM"]
[BlackTitle "WIM"]
[WhiteElo "2181"]
[BlackElo "2087"]
[WhiteTeam "Colombia"]
[BlackTeam "ICSC"]
[WhiteFideId "4402413"]
[BlackFideId "24109622"]
[EventDate "2012.08.28"]

1. e4 c5 2. Nf3 Nc6 3. d4 cxd4 4. Nxd4 g6 5. c4 Bg7 6. Nc2 d6 7. Be2 Nf6 8. Nc3
O-O 9. O-O Be6 10. Be3 Na5 11. b3 Nc6 12. Rc1 Qa5 13. Bd2 Qc7 14. Ne3 Rad8 15.
Ncd5 Qd7 16. Bd3 Ng4 17. f4 Bd4 18. Kh1 Nxe3 19. Nxe3 Bxe3 20. Bxe3 f5 21. Qe1
fxe4 22. Bxe4 Bf5 23. Bd5+ Be6 24. Bf2 Bf7 25. Bh4 Rde8 26. Qc3 e5 27. f5 Nd4
28. fxg6 hxg6 29. Qg3 Bxd5 30. Qxg6+ Qg7 31. Qxg7+ Kxg7 32. cxd5 Nf5 33. Bf2 a6
34. g4 Nh6 35. Be3 Rc8 36. Rxf8 Rxf8 37. Rc7+ Kg6 38. Bxh6 Kxh6 39. Rd7 Kg5 40.
Rg7+ Kf4 41. g5 e4 42. g6 Ke3 43. Re7 Kd3 44. g7 Rg8 45. h4 e3 46. h5 e2 47. h6
b5 48. Rxe2 Kxe2 49. h7 Rxg7 50. h8=Q 1-0

[Event "40th Olympiad Women"]
[Site "Istanbul TUR"]
[Date "2012.09.03"]
[Round "6.32"]
[Board "2"]
[White "Lebel-Arias, Julia"]
[Black "Golubenko, Valentina"]
[Result "0-1"]
[WhiteTitle "WIM"]
[BlackTitle "WGM"]
[WhiteElo "1892"]
[BlackElo "2297"]
[WhiteTeam "Monaco"]
[BlackTeam "Croatia"]
[WhiteFideId "602019"]
[BlackFideId "4501993"]
[EventDate "2012.08.28"]

1. d4 Nf6 2. Nf3 g6 3. Nc3 d5 4. Bf4 Bg7 5. e3 O-O 6. Be2 c5 7. h3 Nc6 8. O-O
cxd4 9. exd4 Ne4 10. Nb5 a6 11. Na3 Qb6 12. c4 Qxb2 13. Qc2 Qxa3 14. cxd5 Nxd4
15. Nxd4 Bxd4 16. Qxe4 Bxa1 17. Rxa1 Bf5 18. Qd4 Rfc8 19. g4 Bd7 20. Bf1 Bb5 21.
Bg2 Rc4 22. Qe5 Qc3 23. Qxc3 Rxc3 24. d6 exd6 25. Bxb7 Rd8 26. Bg2 d5 27. Bg5
Rd7 28. Bf6 d4 29. a4 Be2 30. Rb1 Rc8 31. f4 d3 32. Kf2 Rd6 33. g5 Bh5 34. Bf3
Bxf3 35. Kxf3 d2 36. Ke2 d1=Q+ 37. Rxd1 Rc2+ 38. Ke1 Rxd1+ 39. Kxd1 Ra2 0-1

[Event "40th Olympiad Women"]
[Site "Istanbul TUR"]
[Date "2012.09.03"]
[Round "6.32"]
[Board "3"]
[White "Medic, Mirjana"]
[Black "Chung, Mathilde"]
[Result "1-0"]
[WhiteTitle "WGM"]
[WhiteElo "2185"]
[BlackElo "1794"]
[WhiteTeam "Croatia"]
[BlackTeam "Monaco"]
[WhiteFideId "14501619"]
[BlackFideId "676446"]
[EventDate "2012.08.28"]

1. d4 Nf6 2. Nf3 g6 3. c4 Bg7 4. g3 O-O 5. Bg2 d6 6. O-O Nbd7 7. Nc3 e5 8. h3
Re8 9. e4 exd4 10. Nxd4 Nc5 11. Re1 a5 12. Qc2 Nfxe4 13. Nxe4 Bxd4 14. Bg5 Qd7
15. Nf6+ Bxf6 16. Bxf6 Re6 17. Bc3 c6 18. Qd2 Qe7 19. Rxe6 Bxe6 20. b3 a4 21. b4
Nd7 22. Re1 Nb6 23. Qd4 1-0

[Event "40th Olympiad Women"]
[Site "Istanbul TUR"]
[Date "2012.09.03"]
[Round "6.32"]
[Board "4"]
[White "Lomandong Noela-Joyce"]
[Black "Berke, Ana"]
[Result "0-1"]
[BlackTitle "WFM"]
[WhiteElo "1516"]
[BlackElo "2160"]
[WhiteTeam "Monaco"]
[BlackTeam "Croatia"]
[WhiteFideId "5400384"]
[BlackFideId "14510359"]
[EventDate "2012.08.28"]

1. e4 c5 2. Nc3 Nc6 3. f4 e6 4. Nf3 Nge7 5. g3 d5 6. d3 Nd4 7. Bg2 g6 8. Ne2 Bg7
9. c3 Nxf3+ 10. Bxf3 dxe4 11. dxe4 Qxd1+ 12. Kxd1 e5 13. Be3 b6 14. fxe5 Bxe5
15. Nf4 Bb7 16. Rf1 O-O 17. Kc2 Rfe8 18. Nd5 Nxd5 19. exd5 Bxg3 20. Bxc5 Bxh2
21. Bd4 Be5 22. Be3 Bxc3 23. Bxb6 Bxb2 24. Rab1 Be5 25. Ba5 Rac8+ 26. Kd2 Bf4+
27. Kd1 Ba6 28. Rh1 Bd3 29. Ra1 Bc2# 0-1

[Event "40th Olympiad Women"]
[Site "Istanbul TUR"]
[Date "2012.09.03"]
[Round "6.33"]
[Board "1"]
[White "Steil-Antoni, Fiona"]
[Black "Mir Mahmoud, Afamia"]
[Result "1/2-1/2"]
[WhiteTitle "WIM"]
[WhiteElo "2173"]
[BlackElo "1970"]
[WhiteTeam "Luxembourg"]
[BlackTeam "Syria"]
[WhiteFideId "4001249"]
[BlackFideId "7600674"]
[EventDate "2012.08.28"]

1. e4 c5 2. Nc3 Nc6 3. g3 g6 4. Bg2 Bg7 5. d3 d6 6. Be3 e6 7. Qd2 Rb8 8. Nf3 Nd4
9. Bxd4 cxd4 10. Nb5 e5 11. Qb4 Bf8 12. Nxa7 Bd7 13. Nb5 Qb6 14. a4 Ra8 15. O-O
Ra5 16. Qc4 Bxb5 17. axb5 Rxb5 18. Ra8+ Ke7 19. Ng5 Nh6 20. f4 Rb4 21. Qa2 Rxb2
22. Qa3 f6 23. fxe5 fxe5 24. Nxh7 Rxh7 25. Rfxf8 Nf7 26. Qa4 Qc6 27. Qxc6 bxc6
28. Rfb8 Rxc2 29. Rb7+ Kf6 30. Raa7 c5 31. h4 c4 32. g4 g5 33. h5 c3 34. Ra1 Rd2
35. Rf1+ Ke6 36. Bf3 c2 37. Rc7 Rh8 38. Rf2 Rd1+ 39. Rf1 Rd2 40. Rf2 Rd1+ 1/2-1/2

[Event "40th Olympiad Women"]
[Site "Istanbul TUR"]
[Date "2012.09.03"]
[Round "6.33"]
[Board "2"]
[White "Algildah, Nibal"]
[Black "Boyard, Marie"]
[Result "1-0"]
[WhiteTitle "WIM"]
[WhiteElo "1881"]
[BlackElo "2035"]
[WhiteTeam "Syria"]
[BlackTeam "Luxembourg"]
[WhiteFideId "7600950"]
[BlackFideId "4001486"]
[EventDate "2012.08.28"]

1. d4 d5 2. Nf3 e6 3. c3 c5 4. Bg5 Qb6 5. Qb3 Nc6 6. e3 c4 7. Qc2 Nf6 8. Nbd2
Bd7 9. Be2 Bd6 10. O-O Ng4 11. e4 f6 12. Bh4 Qc7 13. Bg3 Bxg3 14. hxg3 b5 15.
Rfe1 O-O 16. Nh4 Nh6 17. Nf1 g5 18. Nf3 dxe4 19. Qxe4 f5 20. Qe3 f4 21. Qd2 g4
22. Ne5 Nxe5 23. dxe5 fxg3 24. Nxg3 Qc5 25. Qxd7 Qxf2+ 26. Kh2 Nf5 27. Qxe6+ Kh8
28. Nxf5 Rae8 29. Qd7 g3+ 30. Kh1 Rg8 31. Bf3 Qb6 32. Qd6 Rg6 33. Qxb6 axb6 34.
Bh5 1-0

[Event "40th Olympiad Women"]
[Site "Istanbul TUR"]
[Date "2012.09.03"]
[Round "6.33"]
[Board "4"]
[White "Stef, Shirin"]
[Black "Kremer, Nadine"]
[Result "1-0"]
[WhiteElo "1942"]
[BlackElo "1788"]
[WhiteTeam "Syria"]
[BlackTeam "Luxembourg"]
[WhiteFideId "7602030"]
[BlackFideId "4002970"]
[EventDate "2012.08.28"]

1. d4 Nf6 2. Nc3 d5 3. Nf3 c5 4. Bf4 Nc6 5. e3 Bg4 6. Be2 e6 7. h3 Bxf3 8. Bxf3
cxd4 9. exd4 Qb6 10. Ne2 Qxb2 11. O-O b6 12. Qd3 Qb4 13. Rab1 Qe7 14. c4 Qd7 15.
cxd5 Nxd5 16. Qb5 a6 17. Qd3 b5 18. Rfc1 Rc8 19. Bxd5 exd5 20. a4 Na7 21. Rxc8+
Qxc8 22. Rc1 Qe6 23. Rc7 Be7 24. Rxa7 O-O 25. axb5 axb5 26. Qxb5 Bf6 27. Be3 Rd8
28. Nf4 Qf5 29. Qd3 Qc8 30. Ra5 Qb7 31. Qf5 1-0

[Event "40th Olympiad Women"]
[Site "Istanbul TUR"]
[Date "2012.09.03"]
[Round "6.34"]
[Board "1"]
[White "Feliciano Ebert, Vanessa"]
[Black "Gjergji, Rozana"]
[Result "1-0"]
[WhiteTitle "WFM"]
[WhiteElo "2231"]
[BlackElo "1924"]
[WhiteTeam "Brazil"]
[BlackTeam "Albania"]
[WhiteFideId "2114160"]
[BlackFideId "4700147"]
[EventDate "2012.08.28"]

1. d4 Nf6 2. c4 e6 3. Nc3 d5 4. cxd5 exd5 5. Bg5 Be7 6. e3 c6 7. Bd3 Nbd7 8. Qc2
O-O 9. Nge2 h6 10. Bh4 Ne8 11. Bg3 Bd6 12. O-O Qe7 13. a3 Ndf6 14. b4 Bd7 15.
Rfe1 Nh5 16. Bxd6 Nxd6 17. b5 Qg5 18. bxc6 bxc6 19. Na4 Rfe8 20. Rab1 Nf5 21.
Ng3 Nhxg3 22. hxg3 h5 23. Nc5 Bc8 24. Qa4 Qf6 25. e4 dxe4 26. Nxe4 Qd8 27. Qxc6
Be6 28. Rbd1 Rc8 29. Qb5 Qxd4 30. Ng5 Bd7 31. Rxe8+ Rxe8 32. Qb7 Qa4 33. Rb1 Nd6
34. Qf3 Bg4 35. Qd5 Qd7 36. Bh7+ Kf8 37. Bc2 Nc8 38. Qc5+ Qe7 39. Re1 Be2 40.
Rxe2 1-0

[Event "40th Olympiad Women"]
[Site "Istanbul TUR"]
[Date "2012.09.03"]
[Round "6.34"]
[Board "2"]
[White "Pasku, Roela"]
[Black "Terao, Juliana Sayumi"]
[Result "0-1"]
[WhiteTitle "WFM"]
[BlackTitle "WIM"]
[WhiteElo "1915"]
[BlackElo "2187"]
[WhiteTeam "Albania"]
[BlackTeam "Brazil"]
[WhiteFideId "4700708"]
[BlackFideId "2109220"]
[EventDate "2012.08.28"]

1. d4 Nf6 2. Nf3 e6 3. e3 d5 4. Bd3 c5 5. c3 Nc6 6. Nbd2 Bd6 7. O-O O-O 8. Qe2
e5 9. dxe5 Nxe5 10. Nxe5 Bxe5 11. h3 Bc7 12. Rd1 Re8 13. b3 Qd6 14. Nf3 Bd7 15.
Qc2 Bc6 16. Be2 Rac8 17. Bb2 Ne4 18. Bd3 Nf6 19. Bf5 Rcd8 20. g3 d4 21. Ng5 h6
22. Nh7 Ne4 23. cxd4 Qd5 24. Bxe4 Qxe4 25. Nf6+ gxf6 26. Qxe4 Bxe4 27. dxc5 Be5
28. Bd4 Bf3 29. Rd2 Rd5 30. Rc1 Bxd4 31. Rxd4 Red8 32. Rcc4 Rxd4 33. Rxd4 Rxd4
34. exd4 Kf8 35. g4 Ke7 36. Kh2 Ke6 37. Kg3 Be4 38. Kf4 Kd5 39. Ke3 f5 40. gxf5
Bxf5 41. h4 a5 42. a3 Bc2 43. b4 axb4 44. axb4 Kc4 45. b5 Kxb5 46. Kf4 f6 47.
Kg4 Bg6 48. Kf4 Kc4 49. Ke3 Kd5 50. f3 h5 51. f4 Bf5 0-1

[Event "40th Olympiad Women"]
[Site "Istanbul TUR"]
[Date "2012.09.03"]
[Round "6.34"]
[Board "3"]
[White "Gazola, Vanessa Ramos"]
[Black "Tuzi, Bruna"]
[Result "0-1"]
[WhiteTitle "WCM"]
[WhiteElo "2033"]
[BlackElo "1546"]
[WhiteTeam "Brazil"]
[BlackTeam "Albania"]
[WhiteFideId "2112590"]
[BlackFideId "4701100"]
[EventDate "2012.08.28"]

1. d4 d5 2. c4 dxc4 3. Nf3 Nf6 4. e3 e6 5. Bxc4 c5 6. O-O Nc6 7. Qe2 a6 8. Rd1
b5 9. Bb3 cxd4 10. exd4 Be7 11. Nc3 Na5 12. Bc2 O-O 13. Ne4 Bb7 14. Nc5 Bd5 15.
Ng5 Nb7 16. Be3 Nd6 17. b3 Qb6 18. Bf4 Rac8 19. Be5 Nf5 20. b4 Qc6 21. f3 Nd7
22. Bf4 g6 23. Nge4 Nxd4 24. Rxd4 Nxc5 25. Nxc5 Bxc5 26. bxc5 Qxc5 27. Qe3 Qxc2
28. Bh6 Qb2 29. Rad1 Rc2 30. R1d2 Rxd2 31. Rxd2 Qa1+ 32. Kf2 Rc8 33. Qa7 Qf6 34.
Qxa6 Ra8 35. Qxb5 Qh4+ 36. Ke2 Qxh6 37. a4 Qf4 38. Rc2 Qxa4 39. Rc8+ Kg7 40.
Qb2+ Kh6 41. Qc1+ g5 42. Rc7 Qa2+ 43. Rc2 Rc8 44. Rxa2 Rxc1 45. Ra7 Kg6 46. Kf2
Rc2+ 47. Kg3 h5 48. Ra3 e5 49. Ra6+ f6 50. Ra3 Be6 51. h3 h4+ 52. Kh2 Bd5 53.
Rd3 Bc6 54. Re3 Kf5 55. Kg1 e4 56. fxe4+ Bxe4 57. g4+ hxg3 58. Rxg3 Kg6 59. Kf1
Kh5 60. Re3 f5 61. Ra3 Kh4 62. Ra7 Kxh3 63. Ra3+ Kg4 64. Ra4 Kg3 65. Ke1 Bf3 66.
Ra5 Re2+ 67. Kf1 Rd2 0-1

[Event "40th Olympiad Women"]
[Site "Istanbul TUR"]
[Date "2012.09.03"]
[Round "6.34"]
[Board "4"]
[White "Kerciku, Suzana"]
[Black "Guimaraes, Artemis Pamela"]
[Result "0-1"]
[WhiteElo "1521"]
[BlackElo "1996"]
[WhiteTeam "Albania"]
[BlackTeam "Brazil"]
[WhiteFideId "4700783"]
[BlackFideId "2121107"]
[EventDate "2012.08.28"]

1. e4 e5 2. Nf3 Nc6 3. Bb5 a6 4. Ba4 Nf6 5. d3 d6 6. c3 g6 7. O-O Bg7 8. Re1 O-O
9. Nbd2 Nd7 10. Nf1 Nc5 11. Bc2 f5 12. exf5 Bxf5 13. h3 Qf6 14. Ng3 Bd7 15. Bg5
Qf7 16. Be3 Ne6 17. Bb3 h6 18. Qd2 Kh7 19. Ne4 Qe7 20. Rad1 Nf4 21. Bxf4 Rxf4
22. Re3 Na5 23. Bc2 Raf8 24. Qe2 d5 25. Ned2 Nc6 26. Rf1 Qd6 27. Nh2 h5 28. Rf3
Bh6 29. Rxf4 Bxf4 30. Nhf3 Qf6 31. Bb3 Be6 32. Bc2 Kg7 33. Bb3 Na5 34. Bc2 c5
35. a3 Nc6 36. b3 Bf5 37. c4 Bxd2 38. Nxd2 Nd4 39. Qd1 Qg5 40. b4 Bxh3 41. g3
Qxd2 42. Qxd2 Nf3+ 0-1